Personal time management / (Record no. 3327)

000 -LEADER
fixed length control field 01119cam a22003134a 4500
001 - CONTROL NUMBER
control field 12105687
003 - CONTROL NUMBER IDENTIFIER
control field OSt
005 - DATE AND TIME OF LATEST TRANSACTION
control field 20180117090003.0
008 - FIXED-LENGTH DATA ELEMENTS--GENERAL INFORMATION
fixed length control field 000713s2001 caua b 000 0 eng
010 ## - LIBRARY OF CONGRESS CONTROL NUMBER
LC control number 00106655
020 ## - INTERNATIONAL STANDARD BOOK NUMBER
International Standard Book Number 1560525851 (pbk.)
040 ## - CATALOGING SOURCE
Original cataloging agency DLC
Transcribing agency DLC
Modifying agency DLC
042 ## - AUTHENTICATION CODE
Authentication code pcc
050 00 - LIBRARY OF CONGRESS CALL NUMBER
Classification number HD69.T54
Item number H388 2001
082 00 - DEWEY DECIMAL CLASSIFICATION NUMBER
Classification number 640/.43
Edition number 21
100 1# - MAIN ENTRY--PERSONAL NAME
Personal name Haynes, Marion E.
245 10 - TITLE STATEMENT
Title Personal time management /
Statement of responsibility, etc. Marion E. Haynes.
250 ## - EDITION STATEMENT
Edition statement 3rd ed.
260 ## - PUBLICATION, DISTRIBUTION, ETC.
Place of publication, distribution, etc. Menlo Park, Calif. :
Name of publisher, distributor, etc. Crisp Learning,
Date of publication, distribution, etc. c2001.
300 ## - PHYSICAL DESCRIPTION
Extent vi, 110 p. :
Other physical details ill. ;
Dimensions 26 cm.
490 1# - SERIES STATEMENT
Series statement A fifty-minute series book
504 ## - BIBLIOGRAPHY, ETC. NOTE
Bibliography, etc. note Includes bibliographical references (p. 110).
650 #0 - SUBJECT ADDED ENTRY--TOPICAL TERM
Topical term or geographic name entry element Time management.
830 #0 - SERIES ADDED ENTRY--UNIFORM TITLE
Uniform title Fifty-Minute series
906 ## - LOCAL DATA ELEMENT F, LDF (RLIN)
a 7
b cbc
c orignew
d 3
e epcn
f 20
g y-gencatlg
942 ## - ADDED ENTRY ELEMENTS (KOHA)
Source of classification or shelving scheme
Koha item type Book
Holdings
Withdrawn status Lost status Source of classification or shelving scheme Damaged status Not for loan Collection code Permanent Location Current Location Shelving location Date acquired Total Checkouts Full call number Barcode Date last seen Date last checked out Price effective from Koha item type
            Central Library (CL) Central Library (CL) General Stacks 06/02/2016 3 640/.43 HAY S3H-N-1078 06/16/2022 01/05/2022 06/02/2016 Book
© 2023 Central Library, National University of Sciences and Technology. All Rights Reserved.